Intercultural communication : (Record no. 1625)
[ view plain ]
| 000 -LEADER | |
|---|---|
| fixed length control field | 00956cam a2200241 a 4500 |
| 001 - CONTROL NUMBER | |
| control field | 12662364 |
| 005 - DATE AND TIME OF LATEST TRANSACTION | |
| control field | 20241127143643.0 |
| 008 - FIXED-LENGTH DATA ELEMENTS--GENERAL INFORMATION | |
| fixed length control field | 020130s2003 caua b 001 0 eng |
| 020 ## - INTERNATIONAL STANDARD BOOK NUMBER | |
| International Standard Book Number | 053456495X |
| 050 00 - LIBRARY OF CONGRESS CALL NUMBER | |
| Classification number | HM1211 |
| Item number | .I57 2003 |
| 082 04 - DEWEY DECIMAL CLASSIFICATION NUMBER | |
| Classification number | 303.48/2 |
| Edition information | 21 |
| 245 00 - TITLE STATEMENT | |
| Title | Intercultural communication : |
| Remainder of title | a reader / |
| Statement of responsibility, etc. | [edited by] Larry A. Samovar, Richard E. Porter. |
| 250 ## - EDITION STATEMENT | |
| Edition statement | 10th ed. |
| 260 ## - PUBLICATION, DISTRIBUTION, ETC. | |
| Place of publication, distribution, etc. | Belmont, CA : |
| Name of publisher, distributor, etc. | Wadsworth/Thomson Learning, |
| Date of publication, distribution, etc. | c2003. |
| 300 ## - PHYSICAL DESCRIPTION | |
| Extent | x, 483 p. : |
| Other physical details | ill. ; |
| Dimensions | 24 cm. |
| 650 #0 - SUBJECT ADDED ENTRY--TOPICAL TERM | |
| Topical term or geographic name entry element | Intercultural communication. |
| 700 1# - ADDED ENTRY--PERSONAL NAME | |
| Personal name | Samovar, Larry A. |
| 700 1# - ADDED ENTRY--PERSONAL NAME | |
| Personal name | Porter, Richard E. |
| 856 42 - ELECTRONIC LOCATION AND ACCESS | |
| Materials specified | Contributor biographical information |
| Uniform Resource Identifier | <a href="http://www.loc.gov/catdir/enhancements/fy1515/2002101498-b.html">http://www.loc.gov/catdir/enhancements/fy1515/2002101498-b.html</a> |
| 856 42 - ELECTRONIC LOCATION AND ACCESS | |
| Materials specified | Publisher description |
| Uniform Resource Identifier | <a href="http://www.loc.gov/catdir/enhancements/fy1515/2002101498-d.html">http://www.loc.gov/catdir/enhancements/fy1515/2002101498-d.html</a> |
| 856 41 - ELECTRONIC LOCATION AND ACCESS | |
| Materials specified | Table of contents only |
| Uniform Resource Identifier | <a href="http://www.loc.gov/catdir/enhancements/fy1515/2002101498-t.html">http://www.loc.gov/catdir/enhancements/fy1515/2002101498-t.html</a> |
| 942 ## - ADDED ENTRY ELEMENTS (KOHA) | |
| Source of classification or shelving scheme | Library of Congress Classification |
| Koha item type | Books |
| Suppress in OPAC | No |
| 999 ## - | |
| -- | 1625 |
| -- | 1625 |
| Withdrawn status | Lost status | Source of classification or shelving scheme | Damaged status | Not for loan | Collection | Home library | Current library | Shelving location | Date acquired | Total checkouts | Full call number | Barcode | Date last seen | Copy number | Price effective from | Koha item type |
|---|---|---|---|---|---|---|---|---|---|---|---|---|---|---|---|---|
| Library of Congress Classification | Non-fiction | Graduate Library (Christ Temple) | Graduate Library (Christ Temple) | General stacks | 11/27/2024 | HM 1211 INT | gsct00000143 | 11/27/2024 | 1 | 11/27/2024 | Books | |||||
| Library of Congress Classification | Non-fiction | Graduate Library (Christ Temple) | Graduate Library (Christ Temple) | General stacks | 11/27/2024 | HM 1211 INT | gsct00000144 | 11/27/2024 | 2 | 11/27/2024 | Books | |||||
| Library of Congress Classification | Non-fiction | Undergraduate Library (Christ Temple) | Undergraduate Library (Christ Temple) | General stacks | 01/24/2025 | HM1211.I57 INT | ulct00000914 | 01/24/2025 | 1 | 01/24/2025 | Books |